[Event "SVK-chT1E 0607"]
[Site "Slovakia"]
[Date "2006.11.05"]
[Round "4.6"]
[White "Kotan, Ladislav"]
[Black "Frink, Ferenc"]
[Result "1-0"]
[WhiteElo "2297"]
[BlackElo "2250"]
[PlyCount "72"]
[EventDate "2006.10.07"]
[EventType "team-tourn"]
[EventRounds "11"]
[EventCountry "SVK"]
[SourceTitle "EXT 2008"]
[Source "ChessBase"]
[SourceDate "2007.11.25"]
[SourceVersion "1"]
[SourceVersionDate "2007.11.25"]
[SourceQuality "1"]
[WhiteTeam "Svit SO"]
[BlackTeam "Lucenec Laurex"]
[WhiteTeamCountry "SVK"]
[BlackTeamCountry "SVK"]

1. e4 Nc6 2. Nf3 e5 3. Bc4 Nf6 4. d3 Bc5 5. 0-0 d6 6. c3 0-0 7. Nbd2 h6 8. h3 a5 9. Re1 Be6 10. Bb5 Na7 11. Ba4 b5 12. Bc2 Nc6 13. Nf1 Bb6 14. Ng3 Ne7 15. Nh4 Qd7 16. Be3 Ng6 17. Nhf5 Nf4 18. d4 g6 19. d5 Bxf5 20. exf5 N6xd5 21. Bxf4 Nxf4 22. Rxe5 Rae8 23. Rxe8 Rxe8 24. Qg4 g5 25. Nh5 Nxh5 26. Qxh5 Qe7 27. Qxh6 Bxf2+ 28. Kxf2 Qe3+ 29. Kf1 Qf4+ 30. Kg1 Re2 31. Be4 Qxe4 32. Qxg5+ Kh7 33. Rf1 Rxb2 34. Rf3 Rb1+ 35. Kh2 Qe5+ 36. Rg3 Rf1 1-0

[Event "Tatry op"]
[Site "Tatranske Zruby"]
[Date "2006.09.28"]
[Round "7"]
[White "Kotan, Ladislav"]
[Black "Kolosowski, Mateusz"]
[Result "1-0"]
[WhiteElo "2289"]
[BlackElo "2159"]
[PlyCount "59"]
[EventDate "2006.09.23"]
[EventType "swiss"]
[EventRounds "9"]
[EventCountry "SVK"]
[SourceTitle "CBM 114 Extra"]
[Source "ChessBase"]
[SourceDate "2006.11.03"]
[SourceVersion "1"]
[SourceVersionDate "2006.11.03"]
[SourceQuality "1"]

1. e4 c5 2. Nf3 e6 3. c3 d5 4. exd5 Qxd5 5. d4 Nf6 6. Be3 cxd4 7. cxd4 Nc6 8. Nc3 Qd6 9. a3 Be7 10. Bd3 0-0 11. 0-0 b6 12. Qe2 Bb7 13. Rad1 Rfd8 14. Rfe1 Rac8 15. Bg5 g6 16. Bc4 Na5 17. Ba2 Re8 18. Nb5 Qb8 19. b4 Nc6 20. Bxe6 Bd8 21. Qa2 fxe6 22. Rxe6 Kg7 23. Ne5 Rf8 24. Qd2 Nxe5 25. Bh6+ Kg8 26. dxe5 Bd5 27. Rxf6 Bxf6 28. Qxd5+ Rf7 29. Nd6 Qc7 30. Nxc8 1-0

[Event "Tatry op"]
[Site "Tatranske Zruby"]
[Date "2006.09.25"]
[Round "4"]
[White "Dobrovolsky, Ladislav"]
[Black "Kotan, Ladislav"]
[Result "1-0"]
[WhiteElo "2376"]
[BlackElo "2289"]
[PlyCount "107"]
[EventDate "2006.09.23"]
[EventType "swiss"]
[EventRounds "9"]
[EventCountry "SVK"]
[SourceTitle "CBM 114 Extra"]
[Source "ChessBase"]
[SourceDate "2006.11.03"]
[SourceVersion "1"]
[SourceVersionDate "2006.11.03"]
[SourceQuality "1"]

1. Nf3 d5 2. g3 c6 3. b3 Bf5 4. Bb2 h6 5. Bg2 e6 6. 0-0 Nf6 7. c4 Be7 8. d3 0-0 9. Nbd2 a5 10. a3 Nbd7 11. Qc2 Bh7 12. Rfc1 Ne8 13. Bc3 Bf6 14. Bh3 Bxc3 15. Qxc3 Nef6 16. b4 Bf5 17. Bxf5 exf5 18. c5 axb4 19. axb4 Qc7 20. e3 Rfc8 21. Nb3 Nf8 22. Nbd4 f4 23. exf4 Qd7 24. Ne5 Qh3 25. Rxa8 Rxa8 26. Ra1 Qc8 27. Kg2 Ne8 28. Rxa8 Qxa8 29. b5 f6 30. Nef3 cxb5 31. Nxb5 Qa4 32. Nfd4 Ne6 33. Nxe6 Qxb5 34. Qd4 Qd7 35. f5 Qc6 36. Qe3 Qd7 37. Qf4 Kf7 38. Qb8 Ke7 39. h4 g6 40. Qf4 gxf5 41. Nd4 Ng7 42. Qxh6 Kf7 43. h5 Kg8 44. Qxf6 Nxh5 45. Qxf5 Qf7 46. Qxf7+ Kxf7 47. f4 Nf6 48. Kf3 Nd7 49. Nb3 Ke6 50. g4 b6 51. c6 Nf8 52. Nd4+ Kd6 53. f5 b5 54. g5 1-0